00438cam a2200169ua 45000010005000000080039000050200021000440200017000650400009000820820010000912450042001012500009001432600048001523000017002006530014002176530037002313649111126n ii |||gr||||Z||||||eng a978-019-806025-3 a019-806025-4 cMAIN a362.511aIndian urban poverty report 2009cby  a1st. aNew Delhi:bOxford university press,c2009. a326p:c25cm. aEconomics aIndian urban poverty report 2009